| 000 | 00498nam a2200181Ia 4500 | ||
|---|---|---|---|
| 005 | 20241029171359.0 | ||
| 008 | 240126s9999 xx 000 0 und d | ||
| 020 | _a9789332519114 | ||
| 082 | _a519.5 HOG;1 R | ||
| 100 | _aHogg, Robert V. Mckean, Joeseph. Craig, Allen T. | ||
| 245 | 0 | _aIntroduction to mathematical statistics | |
| 250 | _a7th ed. | ||
| 260 |
_bPearson Education _aSouth Asia _c2012 |
||
| 300 | _a650 | ||
| 440 | _aNULL | ||
| 650 | _amathematical,statistics | ||
| 942 | _cPU | ||
| 999 |
_c280741 _d280741 |
||